Saarland - 50 zufällige Ortsteile - Statistiken

Allgemein
  • Dieses Quiz wurde 141 mal gespielt
  • Das Durchschnittsergebnis liegt bei 6 aus 50
Antworten auf der Karte
Die Antworten werden auf der Karte rot bzw. grün angezeigt, abhängig davon wie oft sie richtig erraten wurden.
 
Antwortstatistiken
Antwort % Korrekt
Bexbach, Stadt Bexbach
80%
Homburg, Stadt Homburg
80%
Rehlingen-Siersburg Niedaltdorf
67%
Saarlouis, Stadt Picard
57%
Saarbrücken, Stadt Altenkessel
50%
Friedrichsthal Stadt Bildstock
50%
Nalbach Bilsdorf
50%
Bous Bous
50%
Eppelborn Dirmingen
50%
Saarbrücken, Stadt Güdingen
50%
Freisen Haupersweiler
50%
Saarbrücken, Stadt Herrensohr
50%
Saarbrücken, Stadt Malstatt-Rußhütte
50%
Merzig, Stadt Merzig
50%
Nalbach Nalbach
50%
Perl Nennig
50%
Saarlouis, Stadt Neuforweiler
50%
Rehlingen-Siersburg Siersburg
50%
Saarbrücken, Stadt St. Arnual
50%
Marpingen Urexweiler
50%
Völklingen, Stadt Völklingen
50%
Weiskirchen Weiskirchen
50%
Nohfelden Neunkirchen/Nahe
43%
Merzig, Stadt Mechern
40%
Großrosseln Naßweiler
40%
Neunkirchen, Stadt Neunkirchen
40%
Ottweiler, Stadt Ottweiler
40%
St Wendel, Stadt Remmesweiler
40%
Wallerfangen St. Barbara
40%
Riegelsberg Walpershofen
40%
Schmelz Limbach
38%
Losheim am See Britten
33%
Saarbrücken, Stadt Burbach
33%
Heusweiler Eiweiler
33%
Ensdorf Ensdorf
33%
Saarbrücken, Stadt Ensheim
33%
Völklingen, Stadt Fenne
33%
Quierschied Fischbach
33%
Freisen Freisen
33%
Namborn Furschweiler
33%
Völklingen, Stadt Heidstock
33%
Kleinblittersdorf Kleinblittersdorf
33%
Wallerfangen Leidingen
33%
Bexbach, Stadt Oberbexbach
33%
Nonnweiler Otzenhausen
33%
Losheim am See Rissenthal
33%
Freisen Schwarzerden
33%
Illingen Uchtelfangen
33%
Wadgassen Werbeln
33%
Überherrn Wohnstadt
33%
Friedrichsthal Stadt Friedrichsthal
30%
Perl Besch
29%
Dillingen, Stadt Diefflen
29%
Saarbrücken, Stadt Gersweiler
29%
Namborn Namborn
29%
St Wendel, Stadt Niederkirchen
29%
Großrosseln St. Nikolaus
29%
Mettlach Tünsdorf
29%
Wadern, Stadt Bardenbach
25%
Saarlouis, Stadt Beaumarais
25%
Marpingen Berschweiler
25%
Schmelz Dorf im Bohnental
25%
Großrosseln Dorf im Warndt
25%
Lebach, Stadt Falscheid
25%
Rehlingen-Siersburg Fremersdorf
25%
Wadern, Stadt Gehweiler
25%
Beckingen Haustadt
25%
St Wendel, Stadt Hoof
25%
Wallerfangen Ihn
25%
Merzig, Stadt Menningen
25%
Mettlach Mettlach
25%
Losheim am See Mitlosheim
25%
St Wendel, Stadt Niederlinxweiler
25%
Losheim am See Niederlosheim
25%
Heusweiler Niedersalbach
25%
Freisen Oberkirchen
25%
Saarlouis, Stadt Roden
25%
Saarwellingen Saarwellingen
25%
Saarbrücken, Stadt Scheidt
25%
Kleinblittersdorf Sitterswald
25%
St Wendel, Stadt Urweiler
25%
Wadern, Stadt Wadern
25%
Losheim am See Wahlen
25%
Blieskastel, Stadt Webenheim
25%
Völklingen, Stadt Wehrden
25%
Merchweiler Wemmetsweiler
25%
St Wendel, Stadt Werschweiler
25%
Beckingen Oppen
22%
Perl Perl
22%
Marpingen Alsweiler
20%
Kirkel Altstadt
20%
Namborn Baltersweiler
20%
Mandelbachtal Bebelsheim
20%
Rehlingen-Siersburg Biringen
20%
Saarbrücken, Stadt Brebach-Fechingen
20%
Mettlach Dreisbach
20%
Eppelborn Eppelborn
20%
Beckingen Erbringen
20%
Ottweiler, Stadt Fürth
20%
Quierschied Göttelborn
20%
Beckingen Hargarten
20%
Schiffweiler Heiligenwald
20%
Bexbach, Stadt Höchen
20%
Wallerfangen Ittersdorf
20%
Völklingen, Stadt Ludweiler-Warndt
20%
Sulzbach, Stadt Neuweiler
20%
Nohfelden Nohfelden
20%
Oberthal Oberthal
20%
Mandelbachtal Ommersheim
20%
St Wendel, Stadt Osterbrücken
20%
Schmelz Primsweiler
20%
Püttlingen, Stadt Püttlingen
20%
Rehlingen-Siersburg Rehlingen
20%
Freisen Reitscheid
20%
St Ingbert, Stadt Rentrisch
20%
Riegelsberg Riegelsberg
20%
St Wendel, Stadt Saal
20%
Beckingen Saarfels
20%
Saarbrücken, Stadt St. Johann
20%
Nohfelden Türkismühle
20%
Gersheim Utweiler
20%
Namborn Gehweiler
18%
Merzig, Stadt Wellingen
18%
Blieskastel, Stadt Aßweiler
17%
Mettlach Bethingen
17%
St Wendel, Stadt Bubach
17%
St Wendel, Stadt Dörrenbach
17%
Lebach, Stadt Dörsdorf
17%
Lebach, Stadt Eidenborn
17%
Rehlingen-Siersburg Eimersdorf
17%
Schwalbach Elm
17%
Neunkirchen, Stadt Furpach
17%
Großrosseln Großrosseln
17%
Eppelborn Habach
17%
Merzig, Stadt Harlingen
17%
Namborn Heisterberg
17%
Illingen Hirzweiler
17%
Wadgassen Hostenbach
17%
Lebach, Stadt Landsweiler
17%
St Ingbert, Stadt Oberwürzbach
17%
Beckingen Reimsbach
17%
Gersheim Reinheim
17%
Mettlach Saarhölzbach
17%
Sulzbach, Stadt Sulzbach
17%
Tholey Theley
17%
Nohfelden Wolfersweiler
17%
Nonnweiler Bierfeld
14%
Saarbrücken, Stadt Dudweiler
14%
Nohfelden Eiweiler
14%
Rehlingen-Siersburg Fürweiler
14%
Oberthal Güdesweiler
14%
Neunkirchen, Stadt Hangard
14%
Großrosseln Karlsbrunn
14%
Nonnweiler Kastel
14%
Wallerfangen Kerlingen
14%
Homburg, Stadt Kirrberg
14%
Kirkel Limbach
14%
Rehlingen-Siersburg Oberesch
14%
St Wendel, Stadt Oberlinxweiler
14%
Nalbach Piesbach
14%
Perl Sehndorf
14%
Perl Sinz
14%
Nohfelden Sötern
14%
Saarbrücken, Stadt Alt-Saarbrücken
13%
Merzig, Stadt Büdingen
13%
Freisen Grügelborn
13%
Beckingen Honzrath
13%
St Wendel, Stadt Marth
13%
Wallerfangen Oberlimberg
13%
Tholey Überroth-Niederhofen
13%
St Wendel, Stadt Winterbach
13%
Gersheim Gersheim
11%
Sulzbach, Stadt Schnappach
11%
Schwalbach Schwalbach
11%
Überherrn Bisten
10%
Dillingen, Stadt Dillingen-Innenstadt
10%
Lebach, Stadt Gresaubach
10%
Bexbach, Stadt Niederbexbach
10%
Tholey Tholey
10%
Sulzbach, Stadt Altenwald
0%
Überherrn Altforweiler
0%
Blieskastel, Stadt Altheim
0%
Lebach, Stadt Aschbach
0%
Freisen Asweiler
0%
Kleinblittersdorf Auersmacher
0%
Losheim am See Bachem
0%
Merzig, Stadt Ballern
0%
Blieskastel, Stadt Ballweiler
0%
Beckingen Beckingen
0%
Wallerfangen Bedersdorf
0%
Losheim am See Bergen
0%
Tholey Bergweiler
0%
Überherrn Berus
0%
Merzig, Stadt Besseringen
0%
Blieskastel, Stadt Bierbach
0%
Blieskastel, Stadt Biesingen
0%
Merzig, Stadt Bietzen
0%
Saarbrücken, Stadt Bischmisheim
0%
Blieskastel, Stadt Blickweiler
0%
Gersheim Bliesdalheim
0%
St Wendel, Stadt Bliesen
0%
Blieskastel, Stadt Blieskastel-Mitte
0%
Mandelbachtal Bliesmengen
0%
Kleinblittersdorf Bliesransbach
0%
Blieskastel, Stadt Böckweiler
0%
Perl Borg
0%
Nohfelden Bosen
0%
Nonnweiler Braunshausen
0%
Sulzbach, Stadt Brefeld
0%
Blieskastel, Stadt Breitfurt
0%
Blieskastel, Stadt Brenschelbach
0%
Merzig, Stadt Brotdorf
0%
Eppelborn Bubach
0%
Saarbrücken, Stadt Bübingen
0%
Perl Büschdorf
0%
Wadern, Stadt Büschfeld
0%
Wadern, Stadt Dagstuhl
0%
Wadgassen Differten
0%
Dillingen, Stadt Dillingen-Nord
0%
Beckingen Düppenweiler
0%
Wallerfangen Düren
0%
Perl Eft-Hellendorf
0%
Homburg, Stadt Einöd
0%
Nohfelden Eisen
0%
Namborn Eisweiler
0%
Freisen Eitzweiler
0%
Spiesen-Elversberg Elversberg
0%
Großrosseln Emmersweiler
0%
Mandelbachtal Erfweiler-Ehlingen
0%
Saarbrücken, Stadt Eschberg
0%
Saarbrücken, Stadt Eschringen
0%
Mettlach Faha
0%
Überherrn Felsberg
0%
Merzig, Stadt Fitten
0%
Bexbach, Stadt Frankenholz
0%
Saarlouis, Stadt Fraulautern
0%
Wadgassen Friedrichweiler
0%
Völklingen, Stadt Fürstenhausen
0%
Völklingen, Stadt Geislautern
0%
Rehlingen-Siersburg Gerlfangen
0%
Wallerfangen Gisingen
0%
Nohfelden Gonnesweiler
0%
Oberthal Gronig
0%
Mandelbachtal Habkirchen
0%
Tholey Hasborn-Dautweiler
0%
St Ingbert, Stadt Hassel
0%
Losheim am See Hausbach
0%
Mandelbachtal Heckendalheim
0%
Neunkirchen, Stadt Heinitz
0%
Rehlingen-Siersburg Hemmersdorf
0%
Gersheim Herbitzheim
0%
Völklingen, Stadt Hermann-Röchling-Höhe
0%
Heusweiler Heusweiler
0%
Eppelborn Hierschied
0%
Merzig, Stadt Hilbringen
0%
Namborn Hirstein
0%
Namborn Hofeld-Mauschbach
0%
Heusweiler Holz
0%
Sulzbach, Stadt Hühnerfeld
0%
Schwalbach Hülzweiler
0%
Eppelborn Humes
0%
Schmelz Hüttersdorf
0%
Illingen Hüttigweiler
0%
Illingen Illingen
0%
Homburg, Stadt Jägersburg
0%
Saarbrücken, Stadt Jägersfreude
0%
Perl Kesslingen
0%
Kirkel Kirkel-Neuhäusel
0%
Saarbrücken, Stadt Klarenthal
0%
Bexbach, Stadt Kleinottweiler
0%
Lebach, Stadt Knorscheid
0%
Neunkirchen, Stadt Kohlhof
0%
Püttlingen, Stadt Köllerbach
0%
Weiskirchen Konfeld
0%
Nalbach Körprich
0%
Wadern, Stadt Krettnich
0%
Heusweiler Kutzhof
0%
Schiffweiler Landsweiler-Reden
0%
Ottweiler, Stadt Lautenbach
0%
Völklingen, Stadt Lauterbach
0%
Lebach, Stadt Lebach
0%
St Wendel, Stadt Leitersweiler
0%
Tholey Lindscheid
0%
Saarlouis, Stadt Lisdorf
0%
Wadern, Stadt Lockweiler
0%
Losheim am See Losheim am See
0%
Wadern, Stadt Löstertal
0%
Neunkirchen, Stadt Ludwigsthal
0%
Völklingen, Stadt Luisenthal
0%
Eppelborn Macherbach
0%
Ottweiler, Stadt Mainzweiler
0%
Marpingen Marpingen
0%
Friedrichsthal Stadt Maybach
0%
Gersheim Medelsheim
0%
Merzig, Stadt Merchingen
0%
Merchweiler Merchweiler
0%
Schmelz Michelbach
0%
Blieskastel, Stadt Mimbach
0%
Merzig, Stadt Mondorf
0%
Wadern, Stadt Morscholz
0%
Nohfelden Mosberg
0%
Neunkirchen, Stadt Münchwies
0%
Perl Münzingen
0%
Tholey Neipel
0%
Gersheim Niedergailbach
0%
Lebach, Stadt Niedersaubach
0%
Blieskastel, Stadt Niederwürzbach
0%
Mettlach Nohn
0%
Nonnweiler Nonnweiler
0%
Wadern, Stadt Noswendel
0%
Wadern, Stadt Nunkirchen
0%
Perl Oberleuken
0%
Perl Oberperl
0%
Heusweiler Obersalbach-Kurhof
0%
Mandelbachtal Ormesheim
0%
Mettlach Orscholz
0%
Dillingen, Stadt Pachten
0%
Gersheim Peppenkum
0%
Blieskastel, Stadt Pinningen
0%
Namborn Pinsweiler
0%
Nonnweiler Primstal
0%
Quierschied Quierschied
0%
Wallerfangen Rammelfangen
0%
Weiskirchen Rappweiler
0%
Saarwellingen Reisbach
0%
Kleinblittersdorf Richlingen-Hanweiler
0%
Losheim am See Rimlingen
0%
St Ingbert, Stadt Rohrbach
0%
Namborn Roschberg
0%
Gersheim Rubenheim
0%
Saarlouis, Stadt Saarlouis
0%
Saarbrücken, Stadt Schafbrücke
0%
Wadgassen Schaffhausen
0%
Losheim am See Scheiden
0%
Tholey Scheuern
0%
Schiffweiler Schiffweiler
0%
Schmelz Schmelz
0%
Nonnweiler Schwarzenbach
0%
Saarwellingen Schwarzenholz
0%
Merzig, Stadt Schwemlingen
0%
Nohfelden Selbach
0%
Gersheim Seyweiler
0%
Merzig, Stadt Silwingen
0%
Neunkirchen, Stadt Sinnerthal
0%
Nonnweiler Sitzerath
0%
Tholey Sotzweiler
0%
Spiesen-Elversberg Spiesen
0%
Ottweiler, Stadt Steinbach
0%
Lebach, Stadt Steinbach
0%
Wadern, Stadt Steinberg
0%
Oberthal Steinberg
0%
Saarlouis, Stadt Steinrausch
0%
Schiffweiler Stennweiler
0%
St Ingbert, Stadt St.Ingbert-Mitte
0%
St Wendel, Stadt St. Wendel
0%
Perl Tettingen-Butzdorf
0%
Weiskirchen Thailen
0%
Lebach, Stadt Thalexweiler
0%
Überherrn Überherrn
0%
Dillingen, Stadt Überm Berg
0%
Wadgassen Wadgassen
0%
Wadern, Stadt Wadrill
0%
Heusweiler Wahlschied
0%
Losheim am See Waldhölzbach
0%
Nohfelden Walhausen
0%
Wallerfangen Wallerfangen
0%
Gersheim Walsheim
0%
Wadern, Stadt Wedern
0%
Mettlach Wehingen
0%
Weiskirchen Weierweiler
0%
Merzig, Stadt Weiler
0%
Mettlach Weiten
0%
Neunkirchen, Stadt Wellesweiler
0%
Illingen Welschbach
0%
Neunkirchen, Stadt Wiebelskirchen
0%
Eppelborn Wiesbach
0%
Mandelbachtal Wittersheim
0%
Blieskastel, Stadt Wolfersheim
0%
Homburg, Stadt Wörschweiler
0%
Illingen Wustweiler
0%
Keine übereinstimmenden Quizze gefunden
Verteilung der Resultate
Anzahl Personen mit jedem Resultat
Perzentil nach korrekt beantworteten Fragen
Ihre Resultats-Entwicklung
Sie haben dieses Quiz noch nicht gespielt